| 000 | 01245cam a22003254a 4500 | ||
|---|---|---|---|
| 001 | 14109119 | ||
| 003 | ARRUPE | ||
| 005 | 20151104122509.0 | ||
| 008 | 050915s2005 miu b 001 0 eng | ||
| 010 | _a 2005054130 | ||
| 020 | _a080282224X (pbk.) | ||
| 040 |
_aDLC _cDLC _dDLC |
||
| 041 | 1 |
_aeng _hger |
|
| 042 | _apcc | ||
| 050 | 0 | 0 |
_aBT695.5 _b.B46313 2005 |
| 082 | 0 | 0 |
_a261.8/8 _222 |
| 100 | 1 |
_aBergmann, Sigurd, _d1956- _920936 |
|
| 240 | 1 | 0 |
_aGeist, der Natur befreit. _lEnglish |
| 245 | 1 | 0 |
_aCreation set free : _bthe Spirit as liberator of nature / _cSigurd Bergmann ; with a foreword by Jürgen Moltmann ; translated by Douglas Stott. |
| 250 | _a1st ed. | ||
| 260 |
_aGrand Rapids, Mich. : _bWilliam B. Eerdmans Pub., _cc2005. |
||
| 300 |
_axvii, 388 p. ; _c24 cm. |
||
| 504 | _aIncludes bibliographical references and index. | ||
| 600 | 0 | 0 |
_aGregory, _cof Nazianzus, Saint. _920937 |
| 650 | 0 |
_aHuman ecology _xReligious aspects _xChristianity. _920938 |
|
| 650 | 0 |
_aLiberation theology. _920939 |
|
| 906 |
_a7 _bcbc _corignew _d1 _eocip _f20 _gy-gencatlg |
||
| 942 |
_2lcc _cMONOGRAPH |
||
| 999 |
_c123741 _d123741 |
||